Statistics for Top 40 Band Members Gone Solo

Click here to take the quiz!

General Stats

  • This quiz has been taken 127 times
  • The average score is 25 of 40

Answer Stats

#GroupArtist% Correct
3Wham!George Michael
100%
1The Jackson 5Michael Jackson
100%
6The BeatlesJohn Lennon
99%
11The BeatlesPaul McCartney
97%
2Destiny's ChildBeyoncé
94%
8GenensisPhil Collins
94%
19The PoliceSting
94%
18The BeatlesGeorge Harrison
93%
4*NSYNCJustin Timberlake
91%
14Black SabbathOzzy Osbourne
89%
10No DoubtGwen Stefani
85%
13The Black Eyed Peaswill.i.am
85%
16The Black Eyed PeasFergie
83%
7The SupremesDiana Ross
82%
29Culture ClubBoy George
81%
21The Yardbirds, Cream & MoreEric Clapton
79%
31Jonas BrothersNick Jonas
74%
27GenesisPeter Gabriel
65%
9CommodoresLionel Richie
64%
15Take ThatRobbie Williams
62%
20Miami Sound MachineGloria Estefan
57%
32The FugeesLauryn Hill
53%
5The Jeff Beck Group & The FacesRod Stewart
53%
37Spice GirlsGeri Halliwell
50%
35The StoogesIggy Pop
50%
38The Go-Go'sBelinda Carlisle
49%
23Destiny's ChildKelly Rowland
46%
22Spice GirlsMelanie C
46%
39Matchbox 20Rob Thomas
44%
33One DirectionZayn
44%
36Roxy MusicBryan Ferry
43%
34The MiraclesSmokey Robinson
42%
17NWADr. Dre
40%
12MenudoRicky Martin
38%
25New EditionBobby Brown
36%
30The SugarcubesBjörk
35%
24BoyzoneRonan Keating
34%
26The Pussycat DollsNicole Scherzinger
32%
28Girls AloudCheryl Cole
27%
40B2KOmarion
5%

Score Distribution

Percentile by Number Answered

Percent of People with Each Score

Your Score History

You have not taken this quiz